000 00753nam a22002777a 4500
003 UA-OsUOA
001 22575
007 ta
008 20031222b un ||||| |||| 00| 0 ukr d
100 _aМареев С.Н.
700 _aМареева Е.В.
700 _aАрсланов В.Г.
090 _a1(091)+008(091)"654"
_bМ25
942 _cBK
040 _aUA-OsUOA
_brus
_cUA-OsUOA
_dUA-OsUOA
245 _aФилософия ХХ века
_bУчебное пособие
300 _a464 с.
955 _a0
041 _arus
080 _a1(091)+008(091)"654"
020 _a5-8291-0131-9
260 _aМосква
_bАкадемический проект
_c2001
044 _aRU
650 7 _2UDC
999 _c308796
_d308796